000 00414nam a2200145Ia 4500
008 211109s9999||||xx |||||||||||||| ||und||
082 _a894.8123
_bMUK-E
100 _aMukundan, M
245 0 _aEe Lokam Athiloru Manushyan
260 _bNational Book Stall
_aKottayam
_c1900
300 _a220p.
630 _xGENERAL STACK
650 _aMalayalam Literature
_vMalayalam Fiction
_xLiteratureGeneralia
942 _cBOOK
999 _c59442
_d59442